| 000 | 00550nam a22001817a 4500 | ||
|---|---|---|---|
| 003 | CEME | ||
| 005 | 20210628203059.0 | ||
| 008 | 210120b xxu||||| |||| 00| 0 eng d | ||
| 020 | _a81-7371-542-4 | ||
| 040 | _c. | ||
| 082 | _a510.904 ODI | ||
| 100 |
_aOdifreddi, Piergiorgio _963211 |
||
| 245 | _aThe mathematical century, the 30 greatest problems of the last 100 years | ||
| 260 |
_aINDIA _bUNIVERSITY PRESS _c2000 |
||
| 300 | _aXVI,204P | ||
| 650 |
_aMATHEMATICAL CENTURY.MATHEMATICAL PROBLEMS OF THE LAST 100 YEARS _963212 |
||
| 942 |
_cBK _2ddc |
||
| 999 |
_c572103 _d572103 |
||